Name a Valid Football Player #3 - Statistics

General Stats
  • This quiz has been taken 54 times
  • The average score is 9 of 15
Answer Stats
Name a footballer... # Answer % Correct
Player who has played for both AC Milan and Inter Milan 34 Francesco Acerbi | Roberto Baggio | Mario Balotelli | Raoul Bellanova | Leonardo Bonucci | Cristian Brocchi | Antonio Cassano | Francesco Coco | Hernan Crespo | Matteo Darmian | Edgar Davids | Giuseppe Favalli | Maurizio Ganz | Andres Guglielminpietro | Thomas Helveg | Zlatan Ibrahimovic | Mancini | Gloria Marinelli | Domenico Morfeo | Sulley Muntari | Pierluigi Orlandini | christian Panucci | Giampaolo Pazzini | Andrea Pirlo | Andrea Poli | Ronaldo | Clarence Seedorf | Aldo Serena | Matias Silvestre | Patrick Vieira | Christian Vieri | Taribo West | Hakan Calhanoglu | Dario Simic
93%
Has 100+ assists in La Liga 3 Lionel Messi | Karim Benzema | Xavi
93%
Player with an accumulated transfer fee of over €200m 7 Neymar | Romelu Lukaku | Cristiano Ronaldo | Ousmane Dembele | Joao Felix | Alvaro Morata | Antoine Griezmann
91%
Goalkeeper who has scored in the Premier League 6 Paul Robinson | Alisson | Asmir Begovic | Brad Friedel | Tim Howard | Peter Schmeichel
91%
Bayern Munich player to win the Ballon d'Or 3 Gerd Muller | Franz Beckenbauer | Karl-Heinz Rummenigge
76%
Real Madrid manager who has also played for the club as a player (interim or caretaker managers not included) 11 Jose Villalonga | Miguel Munoz | Luis Molowny | Alfredo Di Stefano | Amancio Amaro | Jorge Valdano | Vicente del Bosque | Jose Antonio Camacho | Zinedine Zidane | Santiago Solari | Xabi Alonso
76%
A Chelsea player who went on loan to Vitesse 29 Matej Delac | Nemanja Matic | Slobodan Rajkovic | Ulises Davila | Tomas Kalas | Patrick van Aanholt | Gael Kakuta | Cristian Cuevas | Lucas Piazon | Christian Atsu | Sam Hutchinson | Bertrand Traore | Wallace | Josh McEachran | Danilo Pantic | Nathan | Lewis Baker | Dominic Solanke | Izzy Brown | Matt Miazga | Mukhtar Ali | Mason Mount | Charlie Colkett | Fankaty Dabo | Eduardo | Charly Musonda | Jake Clarke-Salter | Jamal Blackman | Armando Broja
72%
Liverpool player to achieve the same feat 1 Michael Owen
61%
African player who scored a hat-trick in the 24/25 season in the top 5 leagues 5 Amine Gouiri | Dango Ouattara | Amad Diallo | Omar Marmoush | Serhou Guirassy
46%
Eredivisie golden boot winner since the 17/18 season who isn't dutch 7 Alireza Jahanbakhsh | Dusan Tadic | Cyriel Dessers | Giorgos Giakoumakis | Sebastien Haller | Tasos Douvikas | Vangelis Pavlidis
39%
Player who has joined West Ham ahead of the 25/26 season (as 29/8/25) 4 Mateus Fernandes | Jean-Clair Todibo | El Hadji Malick Diouf | Mads Hermansen | Kyle Walker-Peters | Callum Wilson
39%
Manchester United players who are largely considered to be a part of Manchester United's bomb squad 5 Alejandro Garnacho | Antony | Marcus Rashford | Jadon Sancho | Tyrell Malacia
37%
Player from the 2022 World Cup France squad who was eligible to play for the Mali 2 Ibrahima Konate | Youssouf Fofana
26%
Goalkeepers with 30+ Premier League matches as unused sub in the 24/25 season. 8 Joao Virginia | Steven Benda | Hakon Rafn Valdimarsson | Alex McCarthy | Carlos Miguel | Neto | Matt Turner | Filip Jorgensen
26%
Has scored a penalty in the UEFA Super Cup 4 Sergio Ramos | Kevin Gameiro | Jorginho | Lucas Ocampos
17%
No matching quizzes found
Score Distribution
Percent of People with Each Score
Percentile by Number Answered
Your Score History
You have not taken this quiz